02132cam a22004574i 4500003000900000005001700009008004100026020001800067035002700085040003300112049000900145082002000154100003200174245003800206250002100244264005400265300006100319336002100380337002500401338002300426504003900449504003300488505036700521526000900888526000900897526000800906526000800914526000800922541001600930650002900946650004900975650006401024910002801088942001401116949013601130994001401266596000601280999015901286980005501445952017401500PE-LiUPU20250731183336.0150513s1999 nyua rb 001 0 eng d a9781568981352 a(Sirsi) i9781568981352 aPE-LiUPUbspacPE-LiUPUerda aPRUA04a711.409045bE461 aEllin, Nan,d1959-,eautor.10aPostmodern urbanism /cNan Ellin. arevised edition. 1aNew York :bPrinceton Architectural Press,c1999. aviii, 392 páginas :bilustraciones ;c23 centímetros atext2rdacontent aunmediated2rdamedia avolume2rdacarrier aBibliografía: páginas 335-379. aÍndice: páginas 380-392.0 aThe Romantic Resurgence -- Urban Design Theory on the European Continent -- Urban Design Theory: The Anglo-American Axis -- The Postmodern Reflex -- Themes of Postmodern Urbanism -- The Modern Project: Continued or Abandoned? -- Crisis in the Architectural Profession -- Reconceiving the City and Culture -- The Pendular Swing -- Timeline of Postmodern Urbanism. aP158 aP146 aP17 aP12 aP06 g003-000777; 4aArquitectura Posmoderna. 4aArquitectura y sociedadxHistoriaySiglo XX.14aPlanificación urbanaxHistoriaySiglo XXvTemas, motivos. ardgbjckcrdgd20150513 2ddccBOOK a711.409045 E46wDEWEYc1i71250lCCODEBUL1mBULp39.68r0sYtBOOKu2015-5-13xINGENIERIAPP060COMPRAo.STAFF. Colección General aC0bPEPRU a1 a711.409045 E46wDEWEYc6162i71250f2021-11-9g7lCCODEBUL1mBULp39.68r0sYtBOOKu2015-5-13xINGENIERIAPP060COMPRAo.STAFF. Colección Generald6162 81gALBERTO SANCHEZ Responsable de Automatización r2025-12-03 00:00:00i8l0o711.409045 E46p71250te1v44.68w2015-05-13xFIAyBKzinventario-2023-12-13102ddc50708GENfP06aBULbBULcGENd2015-05-13eCOMPRAg39.68